000
00274nam a2200097Ia 4500
001
645930
005
20250826153633.0
008
250824s9999 xx 000 0 und d
245
0
_a
MACERA VAGONU/ ŞİMENDİFER ÇOCUKLARI / SERT KAPAK
_c
ESRA KİREÇCİ
260
_b
GENÇ TİMAŞ
999
_c
645930
_d
645930